UNCLE TOM'S CABIN (Record no. 6203)
[ view plain ]
| 000 -LEADER | |
|---|---|
| fixed length control field | 00622nam a22001457a 4500 |
| 020 ## - INTERNATIONAL STANDARD BOOK NUMBER | |
| ISBN | 0-19-561002-4 |
| 082 ## - DEWEY DECIMAL CLASSIFICATION NUMBER | |
| Classification number | 823 |
| Item number | MAR/U |
| 100 ## - MAIN ENTRY--AUTHOR NAME | |
| Personal name | MARTIN A.S |
| 245 ## - TITLE STATEMENT | |
| Title | UNCLE TOM'S CABIN |
| 260 ## - PUBLICATION, DISTRIBUTION, ETC. (IMPRINT) | |
| Place of publication | NEW DELHI |
| Name of publisher | OXFORD UNIVERSITY PRESS |
| Year of publication | 2004 |
| 300 ## - PHYSICAL DESCRIPTION | |
| Number of Pages | 138 |
| 520 ## - SUMMARY, ETC. | |
| Summary, etc | Uncle Tom's Cabin tells the story of Uncle Tom, an enslaved person, depicted as saintly and dignified, noble and steadfast in his beliefs. While being transported by boat to auction in New Orleans, Tom saves the life of Little Eva, an angelic and forgiving young girl, whose grateful father then purchases Tom. |
| 650 ## - SUBJECT ADDED ENTRY--TOPICAL TERM | |
| Topical Term | SHORT STORY |
| 942 ## - ADDED ENTRY ELEMENTS (KOHA) | |
| Koha item type | Books |
| Withdrawn status | Lost status | Collection code | Home library | Current library | Shelving location | Date acquired | Source of acquisition | Cost, normal purchase price | Full call number | Accession Number | Koha item type |
|---|---|---|---|---|---|---|---|---|---|---|---|
| Fiction | Main Library | Main Library | SHELF 15-K-CHILDREN'S STORYBOOKS | 06/11/2012 | Purchase | 47.00 | 823 MAR/U | 6457 | Books |